Stations de métro et RER du 15ème arrondissement par fréquentation - Statistiques

Statistiques générales
  • Ce quiz a été pris 163 fois
    150 depuis la dernière actualisation
  • Le résultat moyen est 16 sur 25
Statistiques - réponses
Réponse Trafic annuel Particularités % Correct
Vaugirard 3 445 009 Mairie du 15ème
87%
Balard 5 626 040
85%
Convention 5 275 717
83%
Porte de Versailles 5 823 995
83%
La Motte-Picquet - Grenelle 7 958 383
80%
Montparnasse-Bienvenüe Métro 29 857 740 Également dans le 15ème, mais certaines parties touchent d'autres arrondissements
80%
Pasteur 4 493 457 comptabilisé par erreur dans le 9ème par la RATP
80%
Commerce 2 864 592
76%
Bir-Hakeim (Tour Eiffel) Métro 6 903 648
75%
Lourmel 2 301 922
75%
Dupleix 3 221 871
73%
Cambronne 2 524 418
72%
Boucicaut 3 152 108
69%
Charles Michels 4 601 730
69%
Félix Faure 1 744 774 Il voulut être César, il ne fut que Pompée!
69%
Volontaires 2 362 771
69%
Sévres - Lecourbe 1 957 206
66%
Avenue Émile Zola 1 479 759
64%
Javel - André Citroën Métro 2 969 444
62%
Ségur (UNESCO) 1 669 348 À l'extrême limite du 7ème arrondissement, comptabilisée dans le 15ème par la RATP (contrairement à la station suivante, dans le 7ème)
62%
Falguière 881 763
60%
Gare Montparnasse SNCF 61 374 035 Située administrativement dans le 15ème
43%
Javel RER 3 586 477
30%
Champ de Mars - Tour Eiffel RER 7 947 231
15%
Pont du Garigliano - Hôpital Georges Pompidou 1 456 644 Anciennement Boulevard Victor, il s'agit aujourd'hui d'un nom composé
11%
Aucun quiz correspondant
Distribution des résultats
% des personnes avec chaque résultat
Percentile par nombre de réponses
Votre historique - résultats
Vous n’avez pas pris ce quiz depuis la dernière actualisation